Statistics for US Interstate Highways to Map

Click here to take the quiz!

General Stats

  • This quiz has been taken 189 times
    (180 since last reset)
  • The average score is 23 of 57

Answer Stats

Answer % Correct
I-5
84%
I-90
82%
I-95
75%
I-80
75%
I-10
73%
I-70
71%
I-15
62%
I-20
58%
I-25
58%
I-94
58%
I-75
56%
I-40
56%
I-8
55%
I-84
(OR-UT)
53%
I-35
53%
I-76
(CO-NE)
51%
I-65
47%
I-4
45%
I-76
(OH-NJ)
45%
I-84
(PA-MA)
44%
I-85
40%
I-81
40%
I-64
40%
I-55
40%
I-17
40%
I-93
38%
I-30
36%
I-77
36%
I-44
36%
I-71
35%
I-57
35%
I-78
33%
I-37
33%
I-72
31%
I-29
31%
I-79
31%
I-96
31%
I-69
31%
I-91
29%
I-27
27%
I-43
27%
I-87
27%
I-74
27%
I-59
27%
I-45
25%
I-68
25%
I-83
24%
I-89
24%
I-49
24%
I-86
24%
I-26
24%
I-39
24%
I-16
24%
I-88
22%
I-24
22%
I-73
18%
I-82
16%

Score Distribution

Percentile by Number Answered

Percent of People with Each Score

Your Score History

You have not taken this quiz since the last reset